|
|
|
|
| LEADER |
00000nam a2200000Ia 4500 |
| 008 |
180424b1999 cr ||||| |||| 00| | spa d |
| 999 |
|
|
|c 1816
|d 1816
|
| 090 |
|
|
|a 06.03.06
|b 608 (Material perdido)
|
| 110 |
|
|
|a Costa Rica Ministerio de Educación Pública, División de Control de Calidad y Macroevaluación del Sistema Educativo
|
| 245 |
1 |
0 |
|a Evaluación del ingreso y la promoción de estudiantes en el programa de tercer ciclo de la educación general básica abierta y bachillerato por madurez suficiente
|
| 260 |
|
|
|a San José, Costa Rica :
|b MEP,
|c 1999
|
| 300 |
|
|
|a 39 página
|
| 650 |
1 |
4 |
|a EDUCACIÓN SECUNDARIA
|9 456
|
| 650 |
1 |
4 |
|a EDUCACIÓN DE ADULTOS
|9 809
|
| 650 |
1 |
4 |
|a ESTADÍSTICA
|9 549
|
| 650 |
1 |
4 |
|a EVALUACIÓN
|9 287
|
| 942 |
|
|
|i 00988
|h 06.03.06 608 (Material perdido)
|2 z
|c 01
|